00840 2200301 4500001002100000005001500021035002000036007000300056040001700059100002900076245007200105250001200177300003600189504002600225041000800251082001000259084001600269090002100285264004100306336002100347337003000368338002300398650001200421700003500433850001000468008004100478990001900519INLIS00000000000877220260518103509 a0010-1022000147ta aSBPUPADbind0 aRianti AmandaePengarang1 aMeraup Untung Dengan Palawija /cRianti Amanda ;Editor,Rissa Yanuar a.-cet.1 a64 hlm :bilus. ;c21 x 14,5 cm aBibliografi,hlm 63-640 aind a633.3 a633.3 RIA m a633.3 RIA m 18-8 a.--Bandung :bCV Pringgandani,c2008 2rdacontentateks 2rdamediaatanpa perantara 2rdacarrieravolume 4aTanaman0 aEditor,Rissa YanuarePengarang aPUPAD260518 0  a254/S/KAPD/PDG